What In The Strange Law Quiz - Statistics

General Stats
  • This quiz has been taken 25 times
  • The average score is 4 of 15
Answer Stats
Question Answer % Correct
In which U.S. state is it illegal to play dominoes on Sunday? Alabama
60%
Here, men can beat their wives only once per month. Arkansas
60%
Dogs are not allowed to get an education where? Connecticut
40%
Here the law states that people must bathe at least once per year. Kentucky
27%
Gargling in public is illegal in this fun filled place Louisiana
27%
In this place women's hair are their husband's legal property. Michigan
27%
Women impersonating Santa Claus can face up to thirty days in prison where? Minnesota
27%
A here law states, without an official hunting license, you cannot use a mousetrap. California
20%
Women are not allowed to wear pants, according to a law in? Tucson, Arizona
20%
Forget buying cabbage on Sunday in here: it's illegal! New Jersey
13%
Where is it illegal to throw pickle juice on a trolley? Rhode Island
13%
There will be no kissing on trains in? Wisconsin
13%
Soup must be made at the same time bartenders serve beer in Nebraska
7%
You cannot fall asleep with your shoes still on or you are in big trouble here. North Dakota
7%
If you are live here, you must take your gun to church with you. South Carolina
7%
No matching quizzes found
Score Distribution
Percent of People with Each Score
Percentile by Number Answered
Your Score History
You have not taken this quiz